| 000 | 00420cam a2200157ua 4500 | ||
|---|---|---|---|
| 041 |
_aeng _h |
||
| 082 |
_a371.27 _bMIC/ME |
||
| 100 | _aMichels, William.J . | ||
| 245 |
_aMeasuring educational achievement / _cJ William Michels. _hTextual Documents |
||
| 260 |
_aNew York : _bMcGraw Hill Book Company , _c1950. |
||
| 300 | _a496 ; . | ||
| 504 | _a | ||
| 700 | 1 | _aKarnes, M.Ray . | |
| 942 | _cBK | ||
| 999 |
_c2169 _d2169 |
||